000 00718nam a22002897a 4500
001 BR9209985
003 BR-BrBNA
005 20230928095103.0
007 ta
008 230509b bl.||||| |||| 00| 0 por d
040 _aBR-BrBNA
_bpor
_cBiblioteca Nacional de Agricultura
041 _a(Por)
072 _aN01
090 _ N01 BR9209985
100 1 _aEspartel, L.
100 1 _aLuderitz, J.
245 1 _aCaderneta de campo
250 1 _a2. ed.
260 3 _aRio de Janeiro, GB (Brasil):
_bGlobo,
_c1957.
300 _a907 p.
650 _aEstrada de Rodagem
650 _aEngenharia Civil
650 _aCartografia
650 _aTopografia
909 _a202309
_bLucia
_c55
_dLucia Elande
942 _cBK
999 _c54450
_d54450